000 00618nam a2200229Ia 4500
003 OSt
005 20220928105048.0
006 a|||||r|||| 00| 0
007 ta
008 220927b |||||||| |||| 00| 0 eng d
024 _a49531
037 _cTextual
040 _aSDCL
_cSDCL
_beng
041 _2eng
_aeng
082 _aO152,2:g(NT), L6
100 _aAgrawal Ram Narayan
_9413529
245 0 _aSangeet
_b Aik loknatya parampara.
260 _aDelhi
_bRaj Pal
_c1976
300 _a327p
_ccm.
942 _hO152,2:g(NT), L6
_cTEXL
_2CC
999 _c729314
_d729314